[Event "ENG-ch Seniors 65"]
[Site "Kenilworth"]
[Date "2025.04.28"]
[Round "7"]
[White "Bellers, Chris J"]
[Black "Bonafont, Philip"]
[Result "0-1"]
[WhiteElo "1926"]
[BlackElo "1976"]
[PlyCount "150"]
[EventDate "2025.04.24"]
[EventType "swiss"]
[EventRounds "7"]
[EventCountry "ENG"]
[SourceTitle "CB18_2025"]
[SourceDate "2025.04.30"]
[SourceVersion "1"]
[SourceVersionDate "2025.04.30"]
[SourceQuality "1"]

1. c4 e6 2. g3 d5 3. Bg2 Nf6 4. Nf3 dxc4 5. 0-0 a6 6. Qc2 c5 7. Na3 Nc6 8. Nxc4 b5 9. Nce5 Bb7 10. Nxc6 Bxc6 11. b3 Be7 12. Bb2 Rc8 13. d3 0-0 14. e4 Qb6 15. Qe2 Rfd8 16. Ne5 Bb7 17. Rfd1 Nd7 18. Nxd7 Rxd7 19. Qg4 Bf8 20. h4 Rcd8 21. Qe2 a5 22. Rac1 Ba6 23. Qe3 b4 24. Bf1 Bb5 25. Rc2 Qa6 26. Rcd2 a4 27. Be2 f6 28. f4 Qa5 29. Kg2 Bc6 30. Bf3 Qa8 31. Rc1 a3 32. Ba1 Qa6 33. Rcd1 Bb5 34. Be2 Kf7 35. Kh2 Be7 36. Kg2 Qb7 37. Bf3 Bc6 38. Rc1 f5 39. Rcd1 fxe4 40. dxe4 Rxd2+ 41. Rxd2 Rxd2+ 42. Qxd2 Bxe4 43. Bxe4 Qxe4+ 44. Kh2 Qd5 45. Qc2 g6 46. Qe2 Bf6 47. Be5 h5 48. Qf2 Be7 49. Qe2 Bd6 50. Qf2 Ke7 51. Bg7 Bc7 52. Qe3 c4 53. bxc4 Qxc4 54. Qf2 Kd7 55. Bf6 Kc6 56. Qd2 Bb6 57. Be7 Bc5 58. Bxc5 Kxc5 59. Qe3+ Kb5 60. Qd2 Qd5 61. Qe2+ Kc5 62. Qc2+ Qc4 63. Qf2+ Kc6 64. Kh3 Qd5 65. Kh2 b3 66. axb3 Qxb3 67. Qg2+ Kd6 68. Qd2+ Ke7 69. Qa5 Qc2+ 70. Kg1 a2 71. Qa7+ Kf6 72. Qd4+ Kf5 73. Qe5+ Kg4 74. Qxe6+ Kxg3 75. Qe3+ Kxh4 0-1

[Event "ENG-ch Seniors 65"]
[Site "Kenilworth"]
[Date "2025.04.27"]
[Round "5"]
[White "De Coverly, Roger D"]
[Black "Bonafont, Philip"]
[Result "0-1"]
[WhiteElo "1918"]
[BlackElo "1976"]
[PlyCount "90"]
[EventDate "2025.04.24"]
[EventType "swiss"]
[EventRounds "7"]
[EventCountry "ENG"]
[SourceTitle "CB18_2025"]
[SourceDate "2025.04.30"]
[SourceVersion "1"]
[SourceVersionDate "2025.04.30"]
[SourceQuality "1"]

1. e4 c6 2. d4 d5 3. e5 c5 4. Nf3 cxd4 5. Nxd4 Nc6 6. Nxc6 bxc6 7. Bd3 e6 8. 0-0 a5 9. Qe2 Ne7 10. Nd2 Qb6 11. Nf3 Ba6 12. Be3 Bxd3 13. cxd3 c5 14. d4 c4 15. Rab1 a4 16. a3 Nc6 17. Rfd1 h6 18. h3 Be7 19. Nh2 Kd7 20. f4 g6 21. Qf2 Qb3 22. Nf1 Qb7 23. Qc2 Bd8 24. Ng3 Bb6 25. Ne2 Qa7 26. Kh1 Ne7 27. Nc3 Nf5 28. Qf2 h5 29. g3 Qb7 30. Kg2 Bd8 31. Qf3 Be7 32. Bf2 Qb3 33. Ne2 Rab8 34. Rdc1 Qb6 35. g4 hxg4 36. hxg4 Nh4+ 37. Bxh4 Rxh4 38. f5 gxf5 39. gxf5 Rg8+ 40. Kf1 Rg5 41. fxe6+ fxe6 42. Ke1 Rf5 43. Qg2 Rxd4 44. Nxd4 Qxd4 45. Rd1 Bh4+ 0-1

[Event "Hampstead U2200 op  41st"]
[Site "Hampstead"]
[Date "2016.07.03"]
[Round "5"]
[White "Taylor, William J"]
[Black "Bonafont, Philip"]
[Result "0-1"]
[WhiteElo "1978"]
[BlackElo "2011"]
[PlyCount "60"]
[EventDate "2016.07.02"]
[EventType "swiss"]
[EventRounds "5"]
[EventCountry "ENG"]
[SourceTitle "EXT 2025"]
[Source "ChessBase"]
[SourceDate "2024.10.14"]
[SourceVersion "1"]
[SourceVersionDate "2024.10.14"]
[SourceQuality "1"]

1. e4 c5 2. Nf3 d6 3. d4 cxd4 4. Nxd4 Nf6 5. Nc3 a6 6. Be2 e5 7. Nb3 Be7 8. 0-0 0-0 9. a4 Be6 10. Bf3 Nbd7 11. Re1 Rc8 12. Nd2 Qa5 13. Nf1 b5 14. Ne3 b4 15. Ncd5 Bxd5 16. exd5 Rfe8 17. b3 Nb6 18. Qd3 e4 19. Bxe4 Nxe4 20. c4 Bf6 21. Ra2 Nd7 22. f3 Ndc5 23. Qc2 Nc3 24. Rb2 Re7 25. Bd2 Rce8 26. Kf2 g6 27. g3 Qb6 28. Kf1 Bd4 29. Ng2 Rxe1+ 30. Bxe1 Re2 0-1

[Event "BCF-ch Atkins op"]
[Site "Coventry"]
[Date "2015.08.01"]
[Round "2"]
[White "Bonafont, Philip"]
[Black "Benson, Sean T"]
[Result "1-0"]
[WhiteElo "2003"]
[BlackElo "1745"]
[PlyCount "35"]
[EventDate "2015.07.31"]
[EventType "swiss"]
[EventRounds "5"]
[EventCountry "ENG"]
[SourceTitle "CBM 167 Extra"]
[Source "ChessBase"]
[SourceDate "2015.09.14"]
[SourceVersion "1"]
[SourceVersionDate "2015.09.14"]
[SourceQuality "1"]

1. Nf3 e6 2. g3 f5 3. Bg2 Nf6 4. d3 d5 5. 0-0 Bd6 6. Nbd2 0-0 7. e4 fxe4 8. dxe4 dxe4 9. Ng5 e3 10. fxe3 Nd5 11. Nde4 Be7 12. Rxf8+ Bxf8 13. c4 c6 14. Qh5 h6 15. Qf7+ Kh8 16. Qg6 hxg5 17. Nxg5 Nf6 18. Nf7+ 1-0

[Event "BCF-ch Atkins op"]
[Site "Coventry"]
[Date "2015.08.01"]
[Round "3"]
[White "Claridge Hansen, William"]
[Black "Bonafont, Philip"]
[Result "1-0"]
[WhiteElo "2113"]
[BlackElo "2003"]
[PlyCount "77"]
[EventDate "2015.07.31"]
[EventType "swiss"]
[EventRounds "5"]
[EventCountry "ENG"]
[SourceTitle "CBM 167 Extra"]
[Source "ChessBase"]
[SourceDate "2015.09.14"]
[SourceVersion "1"]
[SourceVersionDate "2015.09.14"]
[SourceQuality "1"]

1. c4 c5 2. g3 Nc6 3. Bg2 g6 4. Nc3 Bg7 5. Nf3 e5 6. 0-0 d6 7. a3 a5 8. d3 Nge7 9. Ne1 Be6 10. Nd5 0-0 11. Nc2 Rb8 12. Nce3 Qd7 13. Bd2 b6 14. Rb1 Bh3 15. b4 Bxg2 16. Kxg2 axb4 17. axb4 Nxd5 18. Nxd5 Ne7 19. Nxe7+ Qxe7 20. Qa4 Rfc8 21. e4 Bf6 22. Rb2 Qc7 23. Rfb1 Ra8 24. Qc2 Rcb8 25. Rb3 Bd8 26. Qb2 f6 27. f4 Qe7 28. bxc5 dxc5 29. fxe5 fxe5 30. Rf1 Bc7 31. Bh6 Rd8 32. Rf3 Rd7 33. Qf2 Rdd8 34. h4 Re8 35. Rb1 Qd7 36. Rf1 Bd6 37. Rf7 Qe6 38. Rf6 Qd7 39. Rxd6 1-0

[Event "London Golders Green op 4th"]
[Site "London"]
[Date "2014.08.23"]
[Round "2"]
[White "Merry, Alan B"]
[Black "Bonafont, Philip"]
[Result "1-0"]
[WhiteElo "2268"]
[BlackElo "2045"]
[PlyCount "37"]
[EventDate "2014.08.23"]
[EventType "swiss"]
[EventRounds "6"]
[EventCountry "ENG"]
[SourceTitle "EXT 2018"]
[Source "ChessBase"]
[SourceDate "2017.10.13"]
[SourceVersion "1"]
[SourceVersionDate "2017.10.13"]
[SourceQuality "1"]

1. d4 d5 2. c4 dxc4 3. Nf3 Nf6 4. e3 e6 5. Bxc4 c5 6. Qe2 a6 7. dxc5 Bxc5 8. 0-0 0-0 9. e4 e5 10. Nxe5 Qd4 11. Nxf7 Rxf7 12. Be3 Qe5 13. Bxf7+ Kxf7 14. Qc4+ Be6 15. Qxc5 Qxb2 16. Nd2 Nbd7 17. Qd6 Rc8 18. Rab1 Qxa2 19. Rxb7 1-0

[Event "Margate Thanet op"]
[Site "Margate"]
[Date "2014.08.17"]
[Round "4"]
[White "Bonafont, Philip"]
[Black "Smith, Andrew Philip"]
[Result "1/2-1/2"]
[WhiteElo "2045"]
[BlackElo "2151"]
[PlyCount "77"]
[EventDate "2014.08.15"]
[EventType "swiss"]
[EventRounds "5"]
[EventCountry "ENG"]
[SourceTitle "EXT 2019"]
[Source "ChessBase"]
[SourceDate "2018.10.10"]
[SourceVersion "1"]
[SourceVersionDate "2018.10.10"]
[SourceQuality "1"]

1. d4 Nf6 2. Nf3 c5 3. d5 d6 4. c4 Bf5 5. Nc3 Nbd7 6. Nh4 e6 7. g3 Be7 8. Bg2 0-0 9. 0-0 Rb8 10. e4 Bg4 11. f3 Bh5 12. dxe6 fxe6 13. Bh3 Bf7 14. Be3 Nb6 15. Qe2 d5 16. cxd5 exd5 17. Rfd1 d4 18. Bf4 Ra8 19. b3 Nfd7 20. Bxd7 Nxd7 21. Nb5 Bxh4 22. gxh4 Qxh4 23. Bg3 Qh6 24. Nd6 Bh5 25. Nf5 Qf6 26. Qc4+ Kh8 27. Rf1 Ne5 28. Qxc5 Nxf3+ 29. Kg2 Rac8 30. Qxa7 Rc2+ 31. Kh1 Qc6 32. Nd6 Qd7 33. Qxd4 Rf6 34. Qd3 Rd2 35. Qc3 Rfxd6 36. Bxd6 Qxd6 37. Qc8+ Qd8 38. Qxd8+ Rxd8 39. Rad1 1/2-1/2

[Event "Margate Thanet op"]
[Site "Margate"]
[Date "2014.08.16"]
[Round "2"]
[White "Van der Grinten, Bas"]
[Black "Bonafont, Philip"]
[Result "0-1"]
[WhiteElo "1941"]
[BlackElo "2045"]
[PlyCount "76"]
[EventDate "2014.08.15"]
[EventType "swiss"]
[EventRounds "5"]
[EventCountry "ENG"]
[SourceTitle "EXT 2019"]
[Source "ChessBase"]
[SourceDate "2018.10.10"]
[SourceVersion "1"]
[SourceVersionDate "2018.10.10"]
[SourceQuality "1"]

1. e4 c5 2. Nf3 d6 3. d4 cxd4 4. Nxd4 Nf6 5. Nc3 a6 6. Bg5 e6 7. Qf3 Nbd7 8. 0-0-0 Qc7 9. Qg3 h6 10. Bxf6 Nxf6 11. f4 g5 12. e5 Nh5 13. Qf3 dxe5 14. fxe5 Nf4 15. g3 Ng6 16. Qf6 Be7 17. Ndb5 axb5 18. Nxb5 Qc5 19. Nd6+ Bxd6 20. exd6 Bd7 21. Bg2 0-0 22. Kb1 Bc6 23. Bxc6 Qxc6 24. h4 Qc5 25. Rhe1 Qf5 26. Qd4 gxh4 27. gxh4 Qf4 28. Qb6 Qf3 29. Rd3 Qc6 30. Qf2 Qc4 31. h5 Qxa2+ 32. Kc1 Qa1+ 33. Kd2 Qa5+ 34. Kc1 Qa1+ 35. Kd2 Qa5+ 36. Kc1 Qxh5 37. d7 Ra1+ 38. Kd2 Qg5+ 0-1

[Event "Sunningdale e2e4 op 05"]
[Site "Ascot"]
[Date "2014.05.26"]
[Round "6"]
[White "Bonafont, Philip"]
[Black "Atako, Chino"]
[Result "1/2-1/2"]
[WhiteElo "2027"]
[BlackElo "2032"]
[PlyCount "83"]
[EventDate "2014.05.23"]
[EventType "swiss"]
[EventRounds "7"]
[EventCountry "ENG"]
[SourceTitle "CBM 160 Extra"]
[Source "ChessBase"]
[SourceDate "2014.07.01"]
[SourceVersion "1"]
[SourceVersionDate "2014.07.01"]
[SourceQuality "1"]

1. d4 f5 2. Nf3 Nf6 3. c4 g6 4. g3 Bg7 5. Bg2 0-0 6. 0-0 d6 7. Nc3 Nc6 8. d5 Ne5 9. Nxe5 dxe5 10. Qb3 Kh8 11. Bd2 h6 12. f4 e4 13. Rad1 e5 14. dxe6 c6 15. Be3 Qe7 16. h3 Bxe6 17. Qa4 Qf7 18. c5 Nd5 19. Nxd5 Bxd5 20. b3 b5 21. Qa6 Rfb8 22. Bd4 b4 23. e3 Rb5 24. Rf2 Bxd4 25. Rxd4 Rab8 26. Rc2 Qc7 27. Bf1 Ra5 28. Qe2 Qe7 29. Qd2 Qb7 30. Kh2 Kh7 31. Be2 g5 32. Qe1 Kg7 33. Rdd2 Kh7 34. Rd4 Kg7 35. Qf2 Qf7 36. g4 fxg4 37. hxg4 Qe7 38. f5 Kf6 39. Qg3 Rb7 40. Qh3 Kg7 41. Qg3 Kf6 42. Qh3 1/2-1/2

[Event "London Golders Green op 3rd"]
[Site "London"]
[Date "2014.05.05"]
[Round "5"]
[White "McCabe, Shane"]
[Black "Bonafont, Philip"]
[Result "0-1"]
[WhiteElo "1910"]
[BlackElo "2027"]
[PlyCount "168"]
[EventDate "2014.05.03"]
[EventType "swiss"]
[EventRounds "6"]
[EventCountry "ENG"]
[SourceTitle "EXT 2018"]
[Source "ChessBase"]
[SourceDate "2017.10.13"]
[SourceVersion "1"]
[SourceVersionDate "2017.10.13"]
[SourceQuality "1"]

1. d4 d5 2. Nf3 Nf6 3. Bg5 Ne4 4. Bf4 c5 5. e3 Nc6 6. c3 Qb6 7. Qc1 cxd4 8. exd4 Bf5 9. Nbd2 Rc8 10. a3 e6 11. Be2 Be7 12. h3 0-0 13. 0-0 Nxd2 14. Bxd2 Na5 15. Bd1 Nb3 16. Bxb3 Qxb3 17. Be3 Rc6 18. g4 Bd3 19. Re1 f6 20. g5 Kh8 21. Bf4 Bf5 22. Kh2 Rb6 23. Re2 Qb5 24. Qe3 Be4 25. a4 Qe8 26. gxf6 gxf6 27. a5 Rc6 28. Rg1 Rg8 29. Ree1 Qh5 30. Nd2 Bf5 31. Rg3 Rcc8 32. Reg1 a6 33. Nf3 Rg6 34. Nd2 Rcg8 35. Rxg6 Rxg6 36. Rg3 Qd1 37. Qf3 Qxf3 38. Nxf3 Rg8 39. Nh4 Be4 40. f3 Bd3 41. Ng2 h5 42. Kg1 Bf5 43. Kf2 Kh7 44. Ne3 Bd3 45. Rxg8 Kxg8 46. Kg3 Kh7 47. Ng2 Bf8 48. Bc7 Bf5 49. Nf4 Kh6 50. Ng2 Bg7 51. Bf4+ Kh7 52. Bc7 e5 53. dxe5 fxe5 54. Ne3 Be6 55. Nc2 Kg6 56. Bd8 d4 57. cxd4 exd4 58. Ne1 Bf5 59. h4 d3 60. Bg5 Bxb2 61. Bd2 Bf6 62. Ng2 Be5+ 63. f4 Bd4 64. Ne3 Be4 65. Nc4 Kf6 66. Ne3 Ke6 67. Nd1 b5 68. axb6 Bxb6 69. Ne3 Bd8 70. Nc4 Kd5 71. Na5 Kc5 72. f5 Bc7+ 73. Kf2 Bxf5 74. Ke3 Kb5 75. Nb3 Bb6+ 76. Kf4 Bg4 77. Ke4 a5 78. Kxd3 a4 79. Nd4+ Kc5 80. Ne2 Bxe2+ 81. Kxe2 Kc4 82. Bc1 Bd4 83. Kf3 Kb3 84. Kf4 Bb2 0-1

[Event "London Golders Green op 3rd"]
[Site "London"]
[Date "2014.05.04"]
[Round "3"]
[White "Georghiou, Paul T"]
[Black "Bonafont, Philip"]
[Result "1-0"]
[WhiteElo "2257"]
[BlackElo "2027"]
[PlyCount "91"]
[EventDate "2014.05.03"]
[EventType "swiss"]
[EventRounds "6"]
[EventCountry "ENG"]
[SourceTitle "EXT 2018"]
[Source "ChessBase"]
[SourceDate "2017.10.13"]
[SourceVersion "1"]
[SourceVersionDate "2017.10.13"]
[SourceQuality "1"]

1. d4 d5 2. Bg5 h6 3. Bh4 c6 4. e3 Qb6 5. Qc1 e5 6. Nf3 e4 7. Nfd2 Be7 8. Bxe7 Nxe7 9. c4 Be6 10. Nc3 Nd7 11. cxd5 cxd5 12. Bb5 Rc8 13. Nb3 Nc6 14. Qd2 0-0 15. f4 f5 16. 0-0 a6 17. Bxc6 Rxc6 18. Rfc1 Rfc8 19. Na4 Qd8 20. Rxc6 Rxc6 21. Rc1 Qc7 22. Rxc6 Qxc6 23. Nac5 Nxc5 24. dxc5 Bf7 25. Qb4 d4 26. Nxd4 Qd5 27. Qc3 Be8 28. Qb3 Qxb3 29. Nxb3 Kf7 30. Nd4 g6 31. Kf2 Ke7 32. Ke2 Bf7 33. a3 Kd7 34. Kd2 Kc7 35. Kc3 Bd5 36. b4 Bf7 37. h4 h5 38. Ne2 Kd7 39. Kd4 Bb3 40. Ke5 Ke7 41. Nd4 Bc4 42. a4 Bd3 43. b5 axb5 44. axb5 Bc4 45. b6 Ba6 46. Nb3 1-0

[Event "London Golders Green op 3rd"]
[Site "London"]
[Date "2014.05.03"]
[Round "2"]
[White "Bonafont, Philip"]
[Black "Barasi, Paul Dl"]
[Result "1-0"]
[WhiteElo "2027"]
[BlackElo "1862"]
[PlyCount "83"]
[EventDate "2014.05.03"]
[EventType "swiss"]
[EventRounds "6"]
[EventCountry "ENG"]
[SourceTitle "EXT 2018"]
[Source "ChessBase"]
[SourceDate "2017.10.13"]
[SourceVersion "1"]
[SourceVersionDate "2017.10.13"]
[SourceQuality "1"]

1. d4 d5 2. Nf3 Nc6 3. Bf4 Bg4 4. e3 e6 5. c4 dxc4 6. Bxc4 Bd6 7. Bxd6 cxd6 8. 0-0 a6 9. Nc3 Rc8 10. Be2 Nf6 11. d5 exd5 12. Nxd5 0-0 13. h3 Bf5 14. Rc1 Re8 15. a3 h6 16. Nd4 Be4 17. Nc3 Nxd4 18. Qxd4 Bc6 19. Rfd1 Qa5 20. Qxd6 Qg5 21. Bf1 Nh5 22. Qh2 Rxe3 23. h4 Qe5 24. g4 Nf4 25. fxe3 Qxe3+ 26. Qf2 Nh3+ 27. Bxh3 Qxh3 28. Nd5 Re8 29. Rc4 Bb5 30. Rdd4 Bxc4 31. Rxc4 Qd3 32. Rd4 Qb1+ 33. Kg2 Qg6 34. Ne3 Qb6 35. Nf5 Re5 36. Rd2 Qc6+ 37. Qf3 Re4 38. Kh3 Qe6 39. Rd6 Qe5 40. Rd3 Kh7 41. Ng3 Qe6 42. Qxe4+ 1-0

[Event "London Golders Green op 3rd"]
[Site "London"]
[Date "2014.05.03"]
[Round "1"]
[White "Brozel, Sacha"]
[Black "Bonafont, Philip"]
[Result "1/2-1/2"]
[WhiteElo "1763"]
[BlackElo "2027"]
[PlyCount "94"]
[EventDate "2014.05.03"]
[EventType "swiss"]
[EventRounds "6"]
[EventCountry "ENG"]
[SourceTitle "EXT 2018"]
[Source "ChessBase"]
[SourceDate "2017.10.13"]
[SourceVersion "1"]
[SourceVersionDate "2017.10.13"]
[SourceQuality "1"]

1. c4 c5 2. g3 g6 3. Bg2 Nc6 4. Nc3 Bg7 5. Nf3 d6 6. 0-0 e5 7. a3 Nge7 8. Rb1 a5 9. d3 0-0 10. Bd2 Rb8 11. Ne1 Be6 12. Nc2 d5 13. cxd5 Nxd5 14. Ne4 b6 15. Ne3 h6 16. Nc3 Nde7 17. Qc1 Nd4 18. b4 axb4 19. axb4 Nb3 20. Qd1 cxb4 21. Nb5 Nxd2 22. Qxd2 b3 23. Qb4 Qd7 24. Rfc1 Rfc8 25. Rxc8+ Rxc8 26. Nd6 Nc6 27. Bxc6 Rxc6 28. Ndc4 Qd4 29. Qxb3 e4 30. Qb5 Rc5 31. Qxb6 exd3 32. exd3 Kh7 33. Qd6 Qxd6 34. Nxd6 Rc7 35. Ne8 Rc3 36. Nxg7 Kxg7 37. Rd1 Kf6 38. d4 Ra3 39. Kg2 h5 40. d5 Bd7 41. Nc4 Rb3 42. d6 Bc6+ 43. Kg1 Rb4 44. Ne3 Ke6 45. Nc2 Rb7 46. Ne3 Rd7 47. Nc4 Bd5 1/2-1/2

[Event "High Wycombe op"]
[Site "High Wycombe"]
[Date "2013.10.13"]
[Round "4"]
[White "Bonafont, Philip"]
[Black "Ledger, Dave J"]
[Result "1/2-1/2"]
[WhiteElo "2033"]
[BlackElo "2288"]
[PlyCount "80"]
[EventDate "2013.10.11"]
[EventType "swiss"]
[EventRounds "9"]
[EventCountry "ENG"]
[SourceTitle "CBM 157 Extra"]
[Source "ChessBase"]
[SourceDate "2013.12.19"]
[SourceVersion "1"]
[SourceVersionDate "2013.12.19"]
[SourceQuality "1"]

1. Nf3 Nf6 2. g3 g6 3. Bg2 Bg7 4. 0-0 0-0 5. d3 d6 6. e4 c5 7. c3 Nc6 8. Re1 e5 9. Nbd2 b5 10. a4 b4 11. Nc4 h6 12. a5 Be6 13. Nfd2 Ne8 14. Qa4 Qd7 15. Ne3 Nc7 16. Nd5 bxc3 17. bxc3 Bxd5 18. exd5 Nb8 19. Qc2 Nba6 20. Nc4 Nb5 21. Bd2 Rab8 22. Reb1 Nbc7 23. h3 Rxb1+ 24. Rxb1 Rb8 25. Kh2 h5 26. h4 Rxb1 27. Qxb1 Qb5 28. Qd1 Ne8 29. g4 e4 30. Bxe4 hxg4 31. Qxg4 f5 32. Bxf5 gxf5 33. Qxf5 Nac7 34. h5 Qa6 35. h6 Be5+ 36. Kg1 Bf6 37. Qg6+ Kh8 38. Qf7 Qc8 39. Qf8+ Kh7 40. Qf7+ Kh8 1/2-1/2

[Event "Sunningdale e2e4 op 07"]
[Site "Ascot"]
[Date "2013.07.06"]
[Round "2"]
[White "Dydak, Mateusz"]
[Black "Bonafont, Philip"]
[Result "1/2-1/2"]
[WhiteElo "1892"]
[BlackElo "2084"]
[PlyCount "75"]
[EventDate "2013.07.05"]
[EventType "swiss"]
[EventRounds "5"]
[EventCountry "ENG"]
[SourceTitle "CBM 155 Extra"]
[Source "ChessBase"]
[SourceDate "2013.08.26"]
[SourceVersion "1"]
[SourceVersionDate "2013.08.26"]
[SourceQuality "1"]

1. f4 c5 2. Nf3 d6 3. g3 Nc6 4. Bg2 g6 5. 0-0 Bg7 6. d3 e6 7. e4 Nge7 8. c3 0-0 9. a4 b6 10. Nh4 f5 11. Re1 Bd7 12. Na3 a6 13. exf5 gxf5 14. Nc4 Qc7 15. Qe2 b5 16. axb5 axb5 17. Rxa8 Rxa8 18. Ne3 Ra1 19. h3 b4 20. Bd2 Rxe1+ 21. Bxe1 bxc3 22. bxc3 d5 23. Nf3 h6 24. Nd1 Ng6 25. Bf2 Qa5 26. d4 cxd4 27. Nxd4 Nxd4 28. Bxd4 Bxd4+ 29. cxd4 Qa1 30. Qd2 Ba4 31. Bf3 Ne7 32. Kh2 Nc6 33. Nc3 Kg7 34. g4 Qf1 35. Bg2 Qc4 36. gxf5 Nxd4 37. fxe6 Nxe6 38. Nxa4 1/2-1/2

[Event "Sunningdale e2e4 op"]
[Site "Ascot"]
[Date "2013.05.25"]
[Round "2"]
[White "Bonafont, Philip"]
[Black "Gedajlovic, Max"]
[Result "1-0"]
[WhiteElo "2073"]
[BlackElo "1751"]
[PlyCount "91"]
[EventDate "2013.05.24"]
[EventType "swiss"]
[EventRounds "7"]
[EventCountry "ENG"]
[SourceTitle "CBM 154 Extra"]
[Source "ChessBase"]
[SourceDate "2013.06.25"]
[SourceVersion "2"]
[SourceVersionDate "2013.06.25"]
[SourceQuality "1"]

1. d4 Nf6 2. Nf3 g6 3. c4 Bg7 4. Nc3 0-0 5. e4 d6 6. Be2 e5 7. 0-0 Nc6 8. d5 Ne7 9. Ne1 Nd7 10. Be3 f5 11. f3 f4 12. Bf2 g5 13. Rc1 a5 14. Nd3 b6 15. a3 Nf6 16. b4 axb4 17. axb4 Rf7 18. c5 bxc5 19. bxc5 Bf8 20. Nb5 Ng6 21. cxd6 cxd6 22. Nb4 h5 23. Nc6 Qd7 24. Nca7 Ne8 25. Nxc8 Rxc8 26. Qb3 Rxc1 27. Rxc1 Rg7 28. Kh1 Nh8 29. Qc3 g4 30. Qc6 Qf7 31. Ra1 g3 32. Bg1 gxh2 33. Bxh2 Qg6 34. Bf1 Re7 35. Ra8 Kg7 36. Rd8 Qf7 37. Nxd6 Nxd6 38. Qxd6 Re8 39. Qb8 Rxd8 40. Qxd8 Qe7 41. Qc8 Nf7 42. Qc3 Qd6 43. Bxf4 Kf6 44. Be3 Kg6 45. Qc8 Qf6 46. Qxf8 1-0

[Event "High Wycombe e2e4 op 03"]
[Site "High Wycombe"]
[Date "2013.03.08"]
[Round "1"]
[White "Bonafont, Philip"]
[Black "Cherniaev, Alexander"]
[Result "1/2-1/2"]
[WhiteElo "2054"]
[BlackElo "2447"]
[PlyCount "82"]
[EventDate "2013.03.08"]
[EventType "swiss"]
[EventRounds "5"]
[EventCountry "ENG"]
[SourceTitle "EXT 2014"]
[Source "ChessBase"]
[SourceDate "2013.11.20"]
[SourceVersion "1"]
[SourceVersionDate "2013.11.20"]
[SourceQuality "1"]

1. d4 Nf6 2. Nf3 d6 3. c4 g6 4. Nc3 Bf5 5. Nh4 Bd7 6. e4 e5 7. Nf3 exd4 8. Nxd4 Bg7 9. Be2 0-0 10. 0-0 Nc6 11. Be3 Re8 12. f3 Nh5 13. Qd2 Nxd4 14. Bxd4 Nf4 15. Rfd1 Qg5 16. Bf1 Bxd4+ 17. Qxd4 Bc6 18. Nd5 Bxd5 19. cxd5 f5 20. Rac1 Rac8 21. g3 fxe4 22. fxe4 Nh5 23. Bg2 Nf6 24. Rc3 a5 25. Rf1 Ng4 26. Rf4 h5 27. Bh3 Re7 28. Bxg4 hxg4 29. Qd1 Rf8 30. Qxg4 Qxg4 31. Rxg4 Kg7 32. Kg2 Rh8 33. h4 Rh5 34. Rf4 Rhe5 35. Kf3 Kh6 36. Rc4 g5 37. Rf6+ Kg7 38. hxg5 Rxg5 39. Rf4 Rh5 40. Rc2 Rh1 41. Kg4 Re1 1/2-1/2